Encuentro de intercambio y reflexión entre hombres sobre masculinidad
Збережено в:
| Формат: | Невідомо |
|---|---|
| Мова: | Spanish |
| Опубліковано: |
Managua, Nicaragua :
CANTERA, Centro de Educación y Comunicación Popular
|
| Редагування: | Edición a cargo de Patricio Welsh, revisión de texto Freddy Morales, Ramón González, Anabel Torres y Montserrat Fernández; dibujos de Marvin Henríquez |
| Предмети: | |
| Теги: |
Додати тег
Немає тегів, Будьте першим, хто поставить тег для цього запису!
|
MARC
| LEADER | 00000 a2200000 04500 | ||
|---|---|---|---|
| 001 | 49297 | ||
| 003 | cru CIDCACS/IIS | ||
| 005 | 20231011143746.0 | ||
| 008 | 000717s199? nq a spa d | ||
| 020 | |a [sin ISBN] | ||
| 022 | |a [sin ISBN] | ||
| 040 | |c cru CIDCACS/IIS |a CRAI/IIS | ||
| 090 | |a 05.03.07 E56e | ||
| 245 | |a Encuentro de intercambio y reflexión entre hombres sobre masculinidad | ||
| 250 | |a Edición a cargo de Patricio Welsh, revisión de texto Freddy Morales, Ramón González, Anabel Torres y Montserrat Fernández; dibujos de Marvin Henríquez | ||
| 260 | |a Managua, Nicaragua : |b CANTERA, Centro de Educación y Comunicación Popular | ||
| 300 | |a 33 páginas |b il. | ||
| 500 | |a Colección Alforja | ||
| 505 | |a Encuentro realizado en Hotel Las Mercedes 8 de setiembre 199 | ||
| 650 | |a MASCULINIDAD | ||
| 650 | |2 Macrothesaurus del CIDCSO | ||
| 650 | |a FEMINIDAD | ||
| 650 | |2 Listado unificado del CIDCACS | ||
| 650 | |a HOMBRES | ||
| 650 | |2 Macrothesaurus de la OCDE | ||
| 650 | |a SOCIEDAD | ||
| 650 | |2 Macrothesaurus de la OCDE | ||
| 650 | |a MACHISMO | ||
| 650 | |2 Listado unificado del CIDCACS | ||
| 650 | |a EVALUACION | ||
| 650 | |2 Macrothesaurus de la OCDE | ||
| 942 | |2 z |c LI |h 05.03.07 E56e |i 17088 |6 050307_E56E_17088 | ||
| 999 | |c 3912 |d 3912 | ||
